[Event "AUT-chT (Women)"]
[Site "Austria"]
[Date "2013.04.20"]
[Round "6.1"]
[White "Novkovic, Julia"]
[Black "Zechner, Andrea"]
[Result "1/2-1/2"]
[WhiteElo "2084"]
[BlackElo "1930"]
[PlyCount "137"]
[EventDate "2013.03.21"]
[EventType "team-tourn"]
[EventRounds "9"]
[EventCountry "AUT"]
[SourceTitle "EXT 2015"]
[Source "ChessBase"]
[SourceDate "2014.11.20"]
[SourceVersion "1"]
[SourceVersionDate "2014.11.20"]
[SourceQuality "1"]
[WhiteTeam "Pamhagen (W)"]
[BlackTeam "Salzburg ASK (W)"]
[WhiteTeamCountry "AUT"]
[BlackTeamCountry "AUT"]

1. e4 c6 2. d4 d5 3. Nc3 dxe4 4. Nxe4 Bf5 5. Ng3 Bg6 6. Nf3 Nd7 7. Bc4 e6 8. 0-0 Ngf6 9. Re1 Be7 10. Nh4 Qc7 11. Qf3 Nd5 12. Nxg6 hxg6 13. Bb3 N7f6 14. c4 Nb6 15. Bf4 Qd7 16. Rad1 0-0 17. Bg5 a5 18. a3 a4 19. Ba2 Ra5 20. Bd2 Raa8 21. Bc3 Rfe8 22. Re5 Qc8 23. Rde1 Nbd7 24. R5e2 Nf8 25. d5 c5 26. Bb1 Qd7 27. dxe6 Nxe6 28. Rxe6 fxe6 29. Bxg6 Rf8 30. Qe2 Ra6 31. Nh5 Rd6 32. Nf4 e5 33. Qxe5 Rd1 34. Ne6 Rxe1+ 35. Bxe1 Rc8 36. Bf5 Qd6 37. Qc3 Re8 38. Bd2 Bd8 39. Qe3 Bc7 40. g3 Qe5 41. Nxc7 Qxc7 42. Be6+ Kf8 43. f4 Qd6 44. f5 Ng4 45. Qf4 Qd4+ 46. Qxd4 cxd4 47. Bb4+ Re7 48. Bd7 Ne5 49. Bxa4 Nxc4 50. Kf1 Nxb2 51. Bxe7+ Kxe7 52. Bb5 Nd1 53. Ke1 Ne3 54. Bd3 Kf6 55. Ke2 Nxf5 56. Bxf5 Kxf5 57. Kd3 Ke5 58. h3 Kd5 59. h4 b5 60. g4 Ke5 61. h5 Kf4 62. Kxd4 Kxg4 63. Kc5 Kxh5 64. Kxb5 g5 65. a4 g4 66. a5 g3 67. a6 g2 68. a7 g1Q 69. a8Q 1/2-1/2

[Event "AUT-chT (Women)"]
[Site "Austria"]
[Date "2013.03.24"]
[Round "4.1"]
[White "Zechner, Andrea"]
[Black "Anker, Christin"]
[Result "1-0"]
[WhiteElo "1930"]
[BlackElo "1867"]
[PlyCount "109"]
[EventDate "2013.03.21"]
[EventType "team-tourn"]
[EventRounds "9"]
[EventCountry "AUT"]
[SourceTitle "EXT 2015"]
[Source "ChessBase"]
[SourceDate "2014.11.20"]
[SourceVersion "1"]
[SourceVersionDate "2014.11.20"]
[SourceQuality "1"]
[WhiteTeam "Salzburg ASK (W)"]
[BlackTeam "Schach ohne Grenzen (W)"]
[WhiteTeamCountry "AUT"]
[BlackTeamCountry "AUT"]

1. d4 d5 2. c4 c6 3. Nf3 Nf6 4. Nc3 a6 5. e3 b5 6. cxd5 cxd5 7. h3 Bf5 8. Nh4 Bd7 9. Bd3 e6 10. Nf3 Nc6 11. 0-0 Bd6 12. Bd2 0-0 13. Rc1 Qe7 14. Qe2 e5 15. dxe5 Nxe5 16. Nxe5 Qxe5 17. f4 Qe7 18. Qf3 Bc5 19. Rfe1 Bc6 20. Ne2 Ne4 21. Ba5 Rac8 22. Nd4 Bb7 23. Nf5 Qf6 24. Qg4 Qg6 25. Bxe4 dxe4 26. b4 Qxg4 27. hxg4 g6 28. bxc5 gxf5 29. gxf5 Rc6 30. Red1 h5 31. Rd6 Rfc8 32. Rd7 Ba8 33. Kf2 Rf6 34. Ra7 Bd5 35. a3 Bc4 36. Rd1 Rxf5 37. Bb4 Rf6 38. Rh1 Rf5 39. g4 hxg4 40. Bc3 f6 41. Rhh7 Be6 42. Bd4 Bd5 43. Kg3 Be6 44. Rhe7 Bc4 45. Kxg4 Rd5 46. Bxf6 Be2+ 47. Kg3 Rdxc5 48. Be5 Rxe5 49. Rxe5 Bd3 50. f5 Kf8 51. f6 Rc6 52. Rh5 Bc4 53. Rh8+ Bg8 54. f7 Rg6+ 55. Kh4 1-0

[Event "AUT-ch (Women)"]
[Site "Feldkirch"]
[Date "2012.07.26"]
[Round "6"]
[White "Exler, Veronika"]
[Black "Zechner, Andrea"]
[Result "1-0"]
[WhiteElo "2103"]
[BlackElo "1948"]
[PlyCount "79"]
[EventDate "2012.07.21"]
[EventType "swiss"]
[EventRounds "9"]
[EventCountry "AUT"]
[SourceTitle "CBM 149 Extra"]
[Source "ChessBase"]
[SourceDate "2012.08.24"]
[SourceVersion "1"]
[SourceVersionDate "2012.08.24"]
[SourceQuality "1"]

1. d4 d5 2. Nf3 Nf6 3. c4 c6 4. g3 e6 5. Bg2 Nbd7 6. Qc2 Bd6 7. Nbd2 0-0 8. 0-0 Qe7 9. Re1 e5 10. dxe5 Nxe5 11. Nxe5 Bxe5 12. Nf3 Bc7 13. cxd5 Nxd5 14. a3 h6 15. e4 Nf6 16. Bd2 Re8 17. Bb4 Qe6 18. Nd4 Qg4 19. Qe2 Qxe2 20. Rxe2 Bb6 21. Bc3 Bg4 22. f3 Be6 23. Kh1 Bc4 24. Rd2 Rad8 25. Rad1 Kh7 26. Nf5 Bb3 27. Rxd8 Bxd8 28. Rd2 Kg6 29. Nd6 Re7 30. Nxb7 Bb6 31. Na5 Ba4 32. Nc4 Bc7 33. Bh3 c5 34. Bf5+ Kh5 35. Rg2 Bd7 36. g4+ Kh4 37. Be1+ Kg5 38. f4+ Kxf4 39. Bg3+ Kg5 40. h4# 1-0